|
|
|
|
| LEADER |
00000nam2a2200000 4500 |
| 001 |
276950 |
| 005 |
20231101234953.0 |
| 035 |
|
|
|a (RuTPU)RU\TPU\book\300223
|
| 035 |
|
|
|a RU\TPU\book\291953
|
| 090 |
|
|
|a 276950
|
| 100 |
|
|
|a 20140617d1986 k y0rusy5003 ca
|
| 101 |
0 |
|
|a rus
|
| 102 |
|
|
|a RU
|
| 105 |
|
|
|a a z 001zy
|
| 200 |
0 |
|
|a Вып. 114
|f отв. ред. Е. В. Карус
|
| 210 |
|
|
|d 1986
|
| 215 |
|
|
|a 165 с.
|c ил.
|
| 320 |
|
|
|a Библиография в конце статей
|
| 461 |
|
1 |
|0 (RuTPU)RU\TPU\book\189489
|t Прикладная геофизика
|o сборник
|f Всесоюзный научно-исследовательский институт геофизических методов разведки (ВНИИГеофизика)
|v Вып. 114
|d 1945-1990
|
| 606 |
1 |
|
|a Геофизика прикладная
|2 stltpush
|3 (RuTPU)RU\TPU\subj\6256
|9 34184
|
| 610 |
1 |
|
|a вычислительная томография
|
| 610 |
1 |
|
|a сейсморазведка
|
| 610 |
1 |
|
|a помехоустойчивость
|
| 610 |
1 |
|
|a надежность
|
| 610 |
1 |
|
|a кодирование
|
| 610 |
1 |
|
|a упругие волны
|
| 610 |
1 |
|
|a геофизические методы
|
| 610 |
1 |
|
|a подземные воды
|
| 610 |
1 |
|
|a нефть
|
| 610 |
1 |
|
|a газ
|
| 610 |
1 |
|
|a математическое моделирование
|
| 610 |
1 |
|
|a коллекторы
|
| 675 |
|
|
|a 550.83
|v 4
|
| 702 |
|
1 |
|a Карус
|b Е. В.
|4 340
|
| 801 |
|
0 |
|a RU
|b RuMRKP
|c 19950417
|g psbo
|
| 801 |
|
1 |
|a RU
|b 63413507
|c 20140909
|
| 801 |
|
2 |
|a RU
|b 63413507
|c 20171219
|g RCR
|
| 942 |
|
|
|c BK
|